Finančné výkazy rozpočtových organizácií
Charakteristika finančných výkazov. Charakteristika finančného výkazu o plnení rozpočtu subjektu verejnej správy. Predkladanie finančných výkazov.
Guardado en:
| Autor principal: | |
|---|---|
| Formato: | Capítulo de libro |
| Lenguaje: | eslovaco |
| Materias: | |
| Etiquetas: |
Sin Etiquetas, Sea el primero en etiquetar este registro!
|
MARC
| LEADER | 00000naa$a2200000$$$4500 | ||
|---|---|---|---|
| 001 | 0179049 | ||
| 005 | 20240502073036.7 | ||
| 041 | 0 | |a slo | |
| 044 | |a SK | ||
| 245 | 1 | 0 | |a Finančné výkazy rozpočtových organizácií |c Alena Kordošová |
| 520 | |a Charakteristika finančných výkazov. Charakteristika finančného výkazu o plnení rozpočtu subjektu verejnej správy. Predkladanie finančných výkazov. | ||
| 610 | 2 | 0 | |a výkazy finančné |
| 610 | 2 | 0 | |a rozpočty |
| 610 | 2 | 0 | |a aktíva |
| 610 | 2 | 0 | |a pasíva |
| 610 | 2 | 0 | |a organizácie rozpočtové |
| 610 | 2 | 0 | |a správa verejná |
| 100 | 1 | |a Kordošová, Alena, 1970- | |